00573nam a2200169 i 4500001000300000245009800003260004500101300003300146490001600179504002500195830001600220040000800236041000800244080001200252008004100264856009800305bg 0aGrafoskopy w systemach komputerowych :bpraca zbiorowa /c[Aut. : Jerzy Chmurzyński i in.]. aWarszawa :bWydawn. Nauk.-Techn.,c1980. as. 327, nlb. 5 :brys., tab.1 aInformatyka a[Zawiera bibliogr.]. aInformatyka cBPK apol a681.327 s pl f |000 0 pol  uhttp://koha.tu.koszalin.pl/cgi-bin/koha/opac-detail.pl?biblionumber=19553yKatalog online BPK